|
|
|
|
| LEADER |
00000ny a22000003n 4500 |
| 005 |
20110621101316.0 |
| 008 |
091211s2007 be 000 0 fre d |
| 020 |
|
|
|a 9782930287096
|
| 035 |
|
|
|a 2410
|
| 040 |
|
|
|a BUS
|d vLex
|
| 090 |
|
|
|c 898
|d 898
|
| 100 |
1 |
|
|a Andr-̌Dumont, Andr-̌Pierre
|
| 245 |
1 |
3 |
|a Le guide pratique du Conseil d'Administration et de l'Assemblě Gňřale
|h [Recurso electrn̤ico]
|c Andr ̌Dumont Andr-̌Pierre, Jean-Pierre Renard
|
| 256 |
|
|
|a Servicio en ln̕ea
|
| 260 |
|
|
|a Bľgica :
|b Edipro,
|c 2007
|
| 506 |
1 |
|
|a Contenido solo disponible en los productos indicados
|d vLex Global
|d vLex Global (Academic Edition, excluding Law Schools)
|d vLex Global (U.S. Academic Edition, Law Schools)
|d vLex Global (U.S. Academic Edition, excluding Law Schools)
|d vLex Global (Academic Edition, Law Schools)
|
| 650 |
0 |
4 |
|a Funcionarios
|x Derecho
|z Francia
|x Legislacin̤
|
| 650 |
0 |
4 |
|a Funcin̤ pb︢lica
|z Francia
|
| 700 |
1 |
|
|a Renard, Jean-Pierre
|
| 740 |
0 |
|
|a vLex Libros (Servicios en ln̕ea)
|
| 856 |
4 |
0 |
|u http://vlex.com/source/2410
|z Acceso restringido
|
| 942 |
|
|
|c BOOK
|
| 999 |
0 |
|
|a Functions
|b Bľgica
|